|
|
|
|
| LEADER |
00000nam0a2200000 4500 |
| 001 |
324998 |
| 005 |
20231102003724.0 |
| 035 |
|
|
|a (RuTPU)RU\TPU\book\350609
|
| 090 |
|
|
|a 324998
|
| 100 |
|
|
|a 20161125d1974 km y0rusy50 ca
|
| 101 |
0 |
|
|a rus
|
| 102 |
|
|
|a RU
|
| 105 |
|
|
|a ac z 000zy
|
| 200 |
1 |
|
|a Избранные речи и статьи
|f А. Н. Косыгин
|
| 210 |
|
|
|a Москва
|c Политиздат
|d 1974
|
| 215 |
|
|
|a 783 с.
|c ил.
|
| 606 |
1 |
|
|a Деятели КПСС
|x Произведения
|x Послеоктябрьский период
|2 stltpush
|3 (RuTPU)RU\TPU\subj\9408
|
| 610 |
1 |
|
|a Коммунистическая партия Советского Союза
|
| 610 |
1 |
|
|a история
|
| 610 |
1 |
|
|a 20 век
|
| 610 |
1 |
|
|a политические деятели
|
| 610 |
1 |
|
|a государственные деятели
|
| 610 |
1 |
|
|a статьи
|
| 610 |
1 |
|
|a речи
|
| 610 |
1 |
|
|a выступления
|
| 610 |
1 |
|
|a народное хозяйство
|
| 610 |
1 |
|
|a внешняя политика
|
| 610 |
1 |
|
|a коммунистическое строительство
|
| 686 |
|
|
|a Ф61(2)27,012
|v LBC/SL-A
|2 rubbk
|
| 700 |
|
1 |
|a Косыгин
|b А. Н.
|c российский политический деятель
|f 1904-1980
|g Алексей Николаевич
|2 stltpush
|3 (RuTPU)RU\TPU\pers\239
|9 122
|
| 801 |
|
1 |
|a RU
|b 63413507
|c 20161125
|
| 801 |
|
2 |
|a RU
|b 63413507
|c 20161129
|g RCR
|
| 942 |
|
|
|c BK
|